[Event "BCF-chT3 2224 (4NCL)"]
[Site "England"]
[Date "2023.11.11"]
[Round "1.11"]
[White "Smith, Olivia"]
[Black "Brown, Alan M"]
[Result "1-0"]
[WhiteElo "2079"]
[BlackElo "2028"]
[PlyCount "147"]
[EventDate "2023.11.11"]
[EventType "team-tourn"]
[EventRounds "11"]
[EventCountry "ENG"]
[SourceTitle "CB48_2023"]
[SourceDate "2023.11.29"]
[SourceVersion "1"]
[SourceVersionDate "2023.11.29"]
[SourceQuality "1"]
[WhiteTeam "Rhyfelwyr Essyllwg"]
[BlackTeam "MK Phoenix"]
[WhiteTeamCountry "ENG"]
[BlackTeamCountry "ENG"]

1. e4 e5 2. d4 exd4 3. Nf3 Nc6 4. Nxd4 Nf6 5. Nc3 Bb4 6. Nxc6 bxc6 7. Bd3 0-0 8. 0-0 Re8 9. Bg5 h6 10. Bh4 Be7 11. e5 Nd5 12. Bg3 Nxc3 13. bxc3 d5 14. f4 Bh4 15. Qf3 Bxg3 16. hxg3 a5 17. Rfe1 Ba6 18. c4 Qe7 19. cxd5 Qc5+ 20. Qe3 Qxe3+ 21. Rxe3 cxd5 22. Bxa6 Rxa6 23. Rc3 c6 24. Rb1 Kf8 25. Kf2 Rc8 26. Rc5 Ke7 27. Rb7+ Ke6 28. g4 Raa8 29. Ke3 g6 30. c4 dxc4 31. Rxc4 c5 32. Ke4 f5+ 33. exf6 Kxf6 34. Rb5 a4 35. Rcxc5 Rxc5 36. Rxc5 a3 37. Rc6+ Kf7 38. f5 Ra4+ 39. Kf3 gxf5 40. gxf5 Kg7 41. Rg6+ Kh7 42. Re6 Kg7 43. Re4 Ra5 44. Kf4 Kf7 45. g4 Kg7 46. g5 hxg5+ 47. Kxg5 Kf7 48. Re3 Ra8 49. Rb3 Rg8+ 50. Kf4 Ra8 51. Rb6 Ra7 52. Kg5 Kg7 53. f6+ Kf7 54. Rb5 Rc7 55. Ra5 Rb7 56. Kf5 Rc7 57. Ke5 Rb7 58. Rxa3 Rb5+ 59. Kd6 Kxf6 60. Rf3+ Kg7 61. Kc6 Rb2 62. a4 Ra2 63. Kb5 Rb2+ 64. Ka6 Rb1 65. a5 Rb2 66. Ka7 Rb5 67. a6 Rb1 68. Ka8 Rb2 69. a7 Rb1 70. Rc3 Kf6 71. Rc7 Ke6 72. Rb7 Rh1 73. Rb6+ Kd5 74. Kb7 1-0

[Event "GBR-ch 109th"]
[Site "Leicester"]
[Date "2023.07.29"]
[Round "8"]
[White "Smith, Olivia"]
[Black "Kanyamarala, Trisha"]
[Result "1/2-1/2"]
[WhiteElo "2042"]
[BlackElo "2344"]
[PlyCount "36"]
[EventDate "2023.07.22"]
[EventType "swiss"]
[EventRounds "9"]
[EventCountry "ENG"]
[SourceTitle "CBM 215 Extra"]
[Source "ChessBase"]
[SourceDate "2023.09.30"]
[SourceVersion "1"]
[SourceVersionDate "2023.09.30"]
[SourceQuality "1"]

1. e4 c5 2. Nf3 d6 3. Bb5+ Bd7 4. Bxd7+ Qxd7 5. c4 e5 6. Nc3 Nc6 7. d3 Be7 8. 0-0 Bd8 9. Ne1 Nge7 10. Nc2 0-0 11. Nd5 Ng6 12. Nce3 Nd4 13. b3 Nh4 14. f4 exf4 15. Rxf4 f5 16. exf5 Bg5 17. Rf2 Bxe3 18. Bxe3 Nhxf5 1/2-1/2

[Event "GBR-ch 109th"]
[Site "Leicester"]
[Date "2023.07.25"]
[Round "4"]
[White "Merriman, John"]
[Black "Smith, Olivia"]
[Result "1-0"]
[WhiteElo "2274"]
[BlackElo "2042"]
[PlyCount "79"]
[EventDate "2023.07.22"]
[EventType "swiss"]
[EventRounds "9"]
[EventCountry "ENG"]
[SourceTitle "CBM 215 Extra"]
[Source "ChessBase"]
[SourceDate "2023.09.30"]
[SourceVersion "1"]
[SourceVersionDate "2023.09.30"]
[SourceQuality "1"]

1. d4 Nf6 2. c4 g6 3. f3 d6 4. e4 Bg7 5. Nc3 0-0 6. Bg5 Nc6 7. Nge2 a6 8. Qd2 Na5 9. Nc1 c5 10. d5 b5 11. cxb5 Nd7 12. Rb1 Ne5 13. b3 axb5 14. Bxb5 c4 15. b4 Nb7 16. a4 Bd7 17. Bxd7 Qxd7 18. 0-0 Rfc8 19. a5 Nd8 20. Be3 h5 21. h3 f6 22. f4 Nef7 23. N1e2 e5 24. f5 g5 25. Ra1 g4 26. h4 Kh7 27. Na4 Qb5 28. Nb6 c3 29. Nxc3 Qxb4 30. Nxc8 Rxc8 31. Rfc1 g3 32. a6 Rxc3 33. Rxc3 Qxe4 34. a7 Qxh4 35. Kf1 Ng5 36. a8Q Ne4 37. Qd3 Nf7 38. Qe8 Nf2 39. Bxf2 gxf2 40. Qh3 1-0

[Event "Newcastle Northumbria Masters"]
[Site "Newcastle on Tyne"]
[Date "2022.08.28"]
[Round "5"]
[White "Hobson, Kenneth"]
[Black "Smith, Olivia"]
[Result "1-0"]
[WhiteElo "1884"]
[BlackElo "2065"]
[PlyCount "93"]
[EventDate "2022.08.26"]
[EventType "swiss"]
[EventRounds "9"]
[EventCountry "ENG"]
[SourceTitle "CBM 210 Extra"]
[Source "ChessBase"]
[SourceDate "2022.11.30"]
[SourceVersion "1"]
[SourceVersionDate "2022.11.30"]
[SourceQuality "1"]

1. e4 e5 2. Nf3 Nf6 3. Nxe5 d6 4. Nf3 Nxe4 5. d4 d5 6. Bd3 Bd6 7. 0-0 0-0 8. Re1 Re8 9. Nbd2 Bf5 10. Nf1 c6 11. Ne3 Bg6 12. c4 Nf6 13. c5 Bc7 14. b4 Nbd7 15. Bb2 Ne4 16. b5 f5 17. bxc6 bxc6 18. Qa4 Rb8 19. Rab1 f4 20. Ng4 h5 21. Qxc6 hxg4 22. Qxg6 gxf3 23. Rxe4 Rxe4 24. Bxe4 dxe4 25. Qe6+ Kf8 26. c6 Qe7 27. Qxd7 Qxd7 28. cxd7 Kf7 29. d5 fxg2 30. Kxg2 f3+ 31. Kh3 Ke7 32. Ba3+ Kxd7 33. Rxb8 Bxb8 34. Bc5 a6 35. Kg4 Bd6 36. Be3 Bxh2 37. Kf5 Kd6 38. Kxe4 a5 39. a4 Kc7 40. Kxf3 Kd6 41. Ke4 g6 42. Bc1 Bg1 43. Bf4+ Kd7 44. Bg3 g5 45. Kf3 g4+ 46. Kg2 Bxf2 47. Kxf2 1-0

[Event "Newcastle Northumbria Masters"]
[Site "Newcastle on Tyne"]
[Date "2022.08.26"]
[Round "1"]
[White "Patel, Zain"]
[Black "Smith, Olivia"]
[Result "0-1"]
[WhiteElo "1679"]
[BlackElo "2065"]
[PlyCount "52"]
[EventDate "2022.08.26"]
[EventType "swiss"]
[EventRounds "9"]
[EventCountry "ENG"]
[SourceTitle "CBM 210 Extra"]
[Source "ChessBase"]
[SourceDate "2022.11.30"]
[SourceVersion "1"]
[SourceVersionDate "2022.11.30"]
[SourceQuality "1"]

1. d4 d5 2. c4 dxc4 3. e3 e5 4. Bxc4 Nc6 5. Nf3 e4 6. Nfd2 Qg5 7. Kf1 f5 8. Nc3 Bd6 9. Nb5 Qe7 10. Nxd6+ Qxd6 11. Bxg8 Rxg8 12. Qh5+ g6 13. Qxh7 Be6 14. Qh4 g5 15. Qh5+ Bf7 16. Qh3 Qd5 17. f3 Qb5+ 18. Kg1 exf3 19. Qxf3 0-0-0 20. a4 Qa5 21. Nf1 f4 22. Bd2 Qf5 23. Rc1 Bd5 24. Qf2 Rdf8 25. b4 Qe4 26. Re1 fxe3 0-1

[Event "Olympiad Women-44"]
[Site "Chennai"]
[Date "2022.08.09"]
[Round "11.1"]
[White "Lyons, Kieran"]
[Black "Smith, Olivia"]
[Result "0-1"]
[WhiteElo "1767"]
[BlackElo "2038"]
[PlyCount "86"]
[EventDate "2022.07.29"]
[EventType "team-swiss"]
[EventRounds "11"]
[EventCountry "IND"]
[SourceTitle "CBM 210"]
[Source "ChessBase"]
[SourceDate "2022.10.31"]
[SourceVersion "1"]
[SourceVersionDate "2022.10.31"]
[SourceQuality "1"]
[WhiteTeam "Fiji (W)"]
[BlackTeam "Wales (W)"]
[WhiteTeamCountry "FIJ"]
[BlackTeamCountry "WLS"]

1. e4 e5 2. Nf3 Nf6 3. Nxe5 d6 4. Nf3 Nxe4 5. Bb5+ c6 6. Ba4 Be7 7. 0-0 0-0 8. Re1 d5 9. d3 Nc5 10. c3 Nxa4 11. Qxa4 Nd7 12. Nbd2 Nc5 13. Qc2 Bf5 14. Re3 a5 15. Nb3 a4 16. Nbd4 Bg6 17. Ne5 Bd6 18. Nxg6 fxg6 19. Bd2 Qh4 20. g3 Qg4 21. Qd1 Qd7 22. Qe2 Rf6 23. Kg2 Raf8 24. Rf1 h6 25. b3 Qf7 26. b4 Nd7 27. Re6 Be5 28. Rxf6 Qxf6 29. Qf3 Bxd4 30. Qxf6 Bxf6 31. d4 Bg5 32. f4 Bd8 33. Re1 Nf6 34. Re2 Re8 35. Rxe8+ Nxe8 36. Kf3 Nd6 37. h4 Kf7 38. Kg4 Ke6 39. Kf3 Ne4 40. Be1 g5 41. hxg5 hxg5 42. a3 gxf4 43. Kxf4 Bg5+ 0-1

[Event "Olympiad Women-44"]
[Site "Chennai"]
[Date "2022.08.07"]
[Round "9.1"]
[White "Heredia Serrano, Carla Sofia"]
[Black "Smith, Olivia"]
[Result "1/2-1/2"]
[WhiteElo "2090"]
[BlackElo "2038"]
[PlyCount "166"]
[EventDate "2022.07.29"]
[EventType "team-swiss"]
[EventRounds "11"]
[EventCountry "IND"]
[SourceTitle "CBM 210"]
[Source "ChessBase"]
[SourceDate "2022.10.31"]
[SourceVersion "1"]
[SourceVersionDate "2022.10.31"]
[SourceQuality "1"]
[WhiteTeam "Ecuador (W)"]
[BlackTeam "Wales (W)"]
[WhiteTeamCountry "ECU"]
[BlackTeamCountry "WLS"]

1. e4 e5 2. Nf3 Nf6 3. Nxe5 d6 4. Nf3 Nxe4 5. Nc3 Nxc3 6. dxc3 Be7 7. Bd3 Nd7 8. Be3 0-0 9. Qd2 Nf6 10. h3 c5 11. 0-0 d5 12. Rad1 b6 13. Qe2 Qc7 14. Ba6 Be6 15. Ng5 Bd6 16. b3 Rae8 17. Bb5 Re7 18. Qd2 Bc8 19. Nf3 Bb7 20. Bd3 Rfe8 21. Nh4 Ne4 22. Bxe4 Rxe4 23. Nf5 Bf8 24. Rfe1 Qc6 25. f3 R4e5 26. Ng3 Qg6 27. Bf4 R5e6 28. Rxe6 Qxe6 29. Nf1 d4 30. Bg3 Qg6 31. Kh1 Qf6 32. cxd4 Bxf3 33. Re1 Rxe1 34. Qxe1 Bc6 35. dxc5 Bxc5 36. Kh2 Qd4 37. Nd2 Bb4 38. c3 Bxc3 39. Nf3 Bxe1 40. Nxd4 Bxg3+ 41. Kxg3 Bd7 42. Kf4 f6 43. Ke4 Kf7 44. Kd5 h5 45. Kd6 Ke8 46. Kc7 b5 47. Kb7 Ke7 48. Kxa7 Kd6 49. Kb6 b4 50. Nc2 Bc6 51. g3 h4 52. gxh4 Be4 53. Ne3 Bb1 54. Kb5 Bxa2 55. Kxb4 Bb1 56. Kc4 Ke5 57. b4 Kf4 58. Nd5+ Kg3 59. b5 Bf5 60. b6 Bc8 61. Nxf6 Kxh4 62. Ne8 Bb7 63. Nxg7 Kxh3 64. Kc5 Kg4 65. Ne8 Kf4 66. Kd6 Ke3 67. Kc7 Ba8 68. Kb8 Bg2 69. Kc7 Ba8 70. Kb8 Bg2 71. Nd6 Kd4 72. Kc7 Kc5 73. Nb7+ Kb5 74. Nd8 Bf3 75. Ne6 Bg2 76. Nd4+ Kc5 77. Nf5 Kb5 78. Ne7 Kc5 79. Nc8 Bf3 80. Kb8 Kb5 81. Ka7 Bg2 82. Nd6+ Kc5 83. Nb7+ Kb5 1/2-1/2

[Event "London ECF (Women)"]
[Site "London"]
[Date "2022.04.09"]
[Round "5"]
[White "Zaksaite, Salomeja"]
[Black "Smith, Olivia"]
[Result "1/2-1/2"]
[WhiteElo "2246"]
[BlackElo "1997"]
[PlyCount "94"]
[EventDate "2022.04.07"]
[EventType "tourn"]
[EventRounds "9"]
[EventCountry "ENG"]
[SourceTitle "CBM 207 Extra"]
[Source "ChessBase"]
[SourceDate "2022.05.31"]
[SourceVersion "1"]
[SourceVersionDate "2022.05.31"]
[SourceQuality "1"]

1. e4 e5 2. Nf3 Nf6 3. Nxe5 d6 4. Nf3 Nxe4 5. d4 d5 6. Bd3 Bd6 7. 0-0 0-0 8. c4 c6 9. Nc3 Nxc3 10. bxc3 Bg4 11. h3 Bh5 12. Rb1 dxc4 13. Bxc4 b5 14. Be2 Bg6 15. Bd3 Nd7 16. d5 cxd5 17. Rxb5 Nf6 18. Bg5 Be7 19. Bxg6 hxg6 20. Qd4 Rb8 21. Rfb1 Rxb5 22. Rxb5 Qc7 23. Bf4 Qc6 24. a4 Ne4 25. Qxa7 Bc5 26. Qc7 Bxf2+ 27. Kh2 Qxc7 28. Bxc7 Nxc3 29. Rb2 Bc5 30. a5 Ne4 31. a6 Ba7 32. Rb7 Ra8 33. Ne5 d4 34. Nd3 Kh7 35. g4 Nc5 36. Nxc5 Bxc5 37. Bb6 Bd6+ 38. Kg2 Rxa6 39. Bxd4 Kg8 40. Rb6 Rxb6 41. Bxb6 g5 42. Kf3 f6 43. Bf2 Kf7 44. h4 gxh4 45. Bxh4 Ke6 46. Be1 g6 47. Ke4 f5+ 1/2-1/2

[Event "London ECF (Women)"]
[Site "London"]
[Date "2022.04.07"]
[Round "2"]
[White "Smith, Olivia"]
[Black "Zhu, Yao Yao"]
[Result "1/2-1/2"]
[WhiteElo "1997"]
[BlackElo "1880"]
[PlyCount "118"]
[EventDate "2022.04.07"]
[EventType "tourn"]
[EventRounds "9"]
[EventCountry "ENG"]
[SourceTitle "CBM 207 Extra"]
[Source "ChessBase"]
[SourceDate "2022.05.31"]
[SourceVersion "1"]
[SourceVersionDate "2022.05.31"]
[SourceQuality "1"]

1. e4 e5 2. Nf3 Nc6 3. Bb5 a6 4. Ba4 Nf6 5. 0-0 Nxe4 6. d4 b5 7. Bb3 d5 8. dxe5 Be6 9. Nbd2 Nc5 10. c3 Be7 11. Bc2 d4 12. Nb3 d3 13. Bb1 Nxb3 14. axb3 Bf5 15. Be3 0-0 16. Bd4 Nxd4 17. cxd4 c5 18. Bxd3 Bxd3 19. Qxd3 cxd4 20. Qxd4 Qxd4 21. Nxd4 Bc5 22. Nf3 Rfd8 23. Rfd1 Kf8 24. Kf1 Ke7 25. Rxd8 Kxd8 26. Ng5 Ke7 27. Rc1 h6 28. Ne4 Bd4 29. f4 Bxb2 30. Rc7+ Ke6 31. Nc5+ Kd5 32. Nd3 Bd4 33. Rxf7 g5 34. g3 gxf4 35. gxf4 a5 36. Ke2 a4 37. Rd7+ Ke4 38. bxa4 bxa4 39. e6 a3 40. Nb4 a2 41. Nc2 Bf6 42. e7 Re8 43. Ra7 Rxe7 44. Rxa2 Kxf4+ 45. Kf2 Bh4+ 46. Kg2 Bg5 47. Nd4 Rd7 48. Nf3 Kf5 49. Ra5+ Kf6 50. Kg3 Bc1 51. Ra6+ Kg7 52. Kg4 Bd2 53. Re6 Bc1 54. h4 Bd2 55. h5 Bg5 56. Rg6+ Kh7 57. Re6 Bc1 58. Rg6 Bg5 59. Nxg5+ hxg5 1/2-1/2

[Event "Online Olym Div3 C"]
[Site "Chess.com INT"]
[Date "2021.08.28"]
[Round "5.5"]
[White "Smith, Olivia"]
[Black "Arakhamia Grant, Ketevan"]
[Result "0-1"]
[WhiteElo "2012"]
[BlackElo "2380"]
[PlyCount "74"]
[EventDate "2021.08.27"]
[EventType "team-tourn (rapid)"]
[EventRounds "9"]
[EventCountry "USA"]
[SourceTitle "CBM 204 Extra"]
[Source "ChessBase"]
[SourceDate "2021.11.30"]
[SourceVersion "1"]
[SourceVersionDate "2021.11.30"]
[SourceQuality "1"]
[WhiteTeam "Wales"]
[BlackTeam "Scotland"]
[WhiteTeamCountry "WLS"]
[BlackTeamCountry "SCO"]

1. e4 c5 2. Nf3 Nc6 3. Bb5 e6 4. 0-0 Nge7 5. Re1 a6 6. Bf1 d5 7. exd5 Nxd5 8. d3 Be7 9. Nbd2 0-0 10. a4 b6 11. g3 Bb7 12. Bg2 Qc7 13. Ne4 Rad8 14. h4 h6 15. Nc3 Nxc3 16. bxc3 Bf6 17. Bd2 Ne7 18. Nh2 Bxg2 19. Kxg2 Nd5 20. Ra3 c4 21. d4 e5 22. Ng4 exd4 23. Qf3 dxc3 24. Nxf6+ Nxf6 25. Bxc3 Nd5 26. Be5 Qc6 27. Kg1 Rfe8 28. Rae3 Re6 29. Re4 Rde8 30. Bb2 Nf6 31. Rxe6 Qxf3 32. Rxe8+ Nxe8 33. Rxe8+ Kh7 34. Re1 c3 35. Ba3 Qf5 36. Bb4 Qxc2 37. Re3 Qb1+ 0-1